Improving group decision making in organizations : approaches from theory and research /

Bibliographic Details
Other Authors: Guzzo, Richard A.
Format: Book
Language:English
Published: New York : Academic Press, 1982.
Series:Organizational and occupational psychology.
Subjects:

MARC

Tag First Indicator Second Indicator Subfields
LEADER 00000pam a2200000 a 4500
001 in00000087719
005 20151008062952.0
008 820104s1982 nyua b 00100 eng
010 |a  81022827  
020 |a 0123109809 
035 |a (OCoLC)08112808 
035 |9 AAK1308AM 
039 0 |a 2  |b 3  |c 3  |d 3  |e 3 
040 |a DLC  |c DLC  |d TXA  |d UtOrBLW 
049 |a TXAM  |c [985709] 
050 0 0 |a HD30.23  |b  I4 
082 0 |a 658.4/036  |2 19 
245 0 0 |a Improving group decision making in organizations :  |b approaches from theory and research /  |c edited by Richard A. Guzzo. 
264 1 |a New York :  |b Academic Press,  |c 1982. 
300 |a xi, 160 pages :  |b illustrations ;  |c 24 cm. 
336 |a text  |b txt  |2 rdacontent 
337 |a unmediated  |b n  |2 rdamedia 
338 |a volume  |b nc  |2 rdacarrier 
490 1 |a Organizational and occupational psychology 
504 |a Includes bibliographies and index. 
650 0 |a Group decision making. 
700 1 |a Guzzo, Richard A. 
830 0 |a Organizational and occupational psychology. 
999 |a MARS 
999 f f |s 444255a8-5fc1-36ee-9463-038263732480  |i bbde7cd8-22b5-3559-bea8-505a0dd58f43  |t 0 
952 f f |p ric  |a Texas A&M University  |b Rellis Campus  |c Joint Library Facility  |d Remote Storage  |t 0  |e HD30.23 I4  |h Library of Congress classification  |i unmediated -- volume  |m A14805979120 
998 f f |a HD30.23 I4  |t 0  |l Remote Storage